Mindboggling Countries IV Quiz Stats

 Plays Quiz not verified by Sporcle

Challenge
Share
Tweet
Score 0/16 Timer 04:00
0 Plays Today
Country % Correct
OMAN
82.3%
SPAIN
81.9%
GHANA
80.4%
MALI
78.4%
SOMALIA
70.4%
PANAMA
67.2%
BENIN
62.3%
NIGER
60.9%
Country % Correct
NIGERIA
58.9%
ALGERIA
56.9%
BELGIUM
53.9%
LAOS
52%
SAMOA
51.4%
PALAU
50.9%
NEPAL
49.9%
NAURU
49.5%

You're not logged in!

Compare scores with friends on all Sporcle quizzes.
Join for Free
OR
Log In

You Might Also Like...

Show Comments

Extras

Top Quizzes Today


Score Distribution

Your Account Isn't Verified!

In order to create a playlist on Sporcle, you need to verify the email address you used during registration. Go to your Sporcle Settings to finish the process.

Report this User

Report this user for behavior that violates our Community Guidelines.

Details: